| 000 | 007640000a22002410004500 | ||
|---|---|---|---|
| 700 | 1 |
_aGunderson, Lance _998588 |
|
| 700 | 1 |
_aAllen, Craig D. _998568 |
|
| 700 | 1 |
_aFleischman, Erica _998589 |
|
| 700 | 1 |
_aMcKenzie, Donald _998590 |
|
| 700 | 1 |
_aMeyerson, Laura A. _998591 |
|
| 700 | 1 |
_aOropeza, Jill _998592 |
|
| 700 | 1 |
_aStephenson, Nate _998593 |
|
| 090 |
_aAR _b04543 |
||
| 100 | 1 |
_aBaron, Jill S. _998594 |
|
| 245 | 1 | 0 | _aOptions for National Parks and reserves for adapting to climate change |
| 650 | 1 | 4 |
_aParques Nacionales _998595 |
| 650 | 1 | 4 |
_aCambio climático _998479 |
| 650 | 1 | 4 |
_aReservas naturales _995566 |
| 650 | 1 | 4 |
_aAdaptación ecológica _996750 |
| 041 | 0 | _aInglés | |
| 942 | _cARTICULO | ||
| 773 | 1 |
_tEnvironmental Management _mMay _q10 h. _d2009 |
|
| 999 |
_c13643 _d13643 |
||